000 00249nam a2200097Ia 4500
001 1124937
005 20250827004749.0
008 250824s9999 xx 000 0 und d
245 0 _aDOSTLUK ENGEL TANIMAZ
_cAYŞEN OY
260 _bMARTI ÇOCUK YAYINLARI
999 _c1124937
_d1124937